Demography Migration In Asia : (Record no. 195506)
[ view plain ]
| 000 -LEADER | |
|---|---|
| fixed length control field | 00747nam a22002057a 4500 |
| 005 - DATE AND TIME OF LATEST TRANSACTION | |
| control field | 20230331143137.0 |
| 010 ## - LCCN (DPL NO) | |
| LC control number | ENG-136571 |
| 020 ## - INTERNATIONAL STANDARD BOOK NUMBER | |
| International Standard Book Number | 9788175415874 |
| Terms of availability | 550.00 |
| 035 ## - SYSTEM CONTROL NUMBER | |
| System control number | EN-120103 |
| 037 ## - SOURCE OF ACQUISITION | |
| Source of stock number/acquisition | DBAD/PUB |
| 082 ## - DEWEY DECIMAL CLASSIFICATION NUMBER | |
| Classification number | 304.6 |
| 245 ## - TITLE STATEMENT | |
| Title | Demography Migration In Asia : |
| Remainder of title | Issue And Trends / |
| Statement of responsibility, etc | Edited By Anita Sengupta And Suchandana Chatterjee |
| 250 ## - EDITION STATEMENT | |
| Edition statement | First |
| 260 ## - PUBLICATION, DISTRIBUTION, ETC. (IMPRINT) | |
| Place of publication, distribution, etc | New Delhi |
| Name of publisher, distributor, etc | Shipra Publications |
| Date of publication, distribution, etc | 2011 |
| 270 ## - ADDRESS | |
| Address | LG-18-19, Pankaj Central Market , Patparganj |
| City | New Delhi |
| Postal code | 110092 |
| Electronic mail address | info@shiprapublications.com |
| Telephone number | 91-11-22235152 |
| -- | 91-11-22236152 |
| 300 ## - PHYSICAL DESCRIPTION | |
| Extent | 175p.; |
| Dimensions | 22cm(hbk) |
| Other physical details | index |
| 700 ## - ADDED ENTRY--PERSONAL NAME | |
| Personal name | Sengupta., Anita |
| Relator term | Editor |
| 700 ## - ADDED ENTRY--PERSONAL NAME | |
| Personal name | Chatterjee, Suchandana |
| Relator term | Editor |
| 942 ## - ADDED ENTRY ELEMENTS (KOHA) | |
| Source of classification or shelving scheme | Dewey Decimal Classification |
| Item type | English Books |
| Call number suffix | DEM |
| Classification part | 304.6 |
| Withdrawn status | Lost status | Not for loan | Collection code | Home library | Current library | Date acquired | Source of acquisition | Cost, normal purchase price | Full call number | Barcode | Copy number | Cost, replacement price | Koha item type |
|---|---|---|---|---|---|---|---|---|---|---|---|---|---|
| Non-fiction | Shahdara Branch | Shahdara Branch | 31/03/2023 | DBAD/PUB | 550.00 | 304.6 DEM | EN-120103 | 1 | 550.00 | English Books |
